000 00488cam a2200169ua 4500
020 _c35s net
041 _aeng
_h
082 _a828.09
_bMUR/KE
100 _aMurray, John Middleton .
245 _aKeats and Shakespeare : A study of Keat`s poetic life from 1816 to 1820 /
_cJohn Middleton Murray.
_hTextual Documents
260 _aLondon :
_bOxford University Press ,
_c1964.
300 _a248 ; .
365 _a35s net
504 _a
942 _cBK
999 _c12025
_d12025